02368nam a22003497a 4500003000400000005001700004007000300021008004100024020001800065040003400083041001300117082001700130100003500147245013400182250004600316264004800362300006300410336002700473337003300500338002800533490001800561500097600579504004101555521004101596534006501637545005501702600005301757650006001810650005001870650005701920700004101977OSt20210929123106.0ta210917s2019 ck o||er|||| 00| 0dspa d a9789585404328 aCO-BoRNBPbspacCO-BqBPBerda1 aspahita04a701.17bE16a1 aEco, Umbertod1932-2016eautor10aA hombros de gigantesbconferencias en La Milanesiana 2001-2015cHumbero Eco ; traducido del italiano por Maria Pons Irazazábal aPrimera edición bPrimera reimpresión 1aBogotábPenguin Random HousebLumenc2019 a396 páginasbilustraciones, fotografías a colorc24 cm 2rdacontentatextobtxt 2rdamediaasin mediaciónbn 2rdacarrieravolumenbnc0 aLumen. Ensayo a«Somos como enanos que están a hombros de gigantes, de modo que podemos ver más lejos que ellos, no tanto por nuestra estatura o nuestra agudeza visual, sino porque, al estar sobre sus hombros, estamos más altos que ellos.» Bernardo de Chartres A hombros de gigantes representa para los lectores de Eco un evento festivo. Lejos de las aulas universitarias, de las conferencias académicas y de las ceremonias de honor Eco escribe estos textos a lo largo de tres lustros, para entretener a los numerosísimos espectadores de la Milanesiana, el festival creado y dirigido por Elisabetta Sgarbi. Son textos que se inspiran a menudo en el tema central elegido cada año en la Milanesiana, pero que luego recorren ríos de repertorios que beben de la filosofía, la literatura, la estética, la ética y los medios de comunicación para devolvernos, en un lenguaje afable, imbuido de ironía, a veces lúdico o mordaz, la quintaesencia del universo de Eco. aIncluye referencias bibliográficas aRecomendado para un público adulto tSulle spalle dei giganti: lezioni alla Milanesiana 2001-2015 aIncluye datos biográficos del autor en la solapa14aEco, Umbertod1932-2016xColecciones de escritos17aFilosofía del artevEnsayos, conferencias, etc.2LEMB17aEstéticavEnsayos, conferencias, etc.2LEMB17aArte y religiónvEnsayos, conferencias, etc.2LEMB1 aPons Irazazábal, Mariaetraductora